| 000 | 00420nam a2200157Ia 4500 | ||
|---|---|---|---|
| 008 | 210210b1998 xxu||||| |||| 00| 0 eng d | ||
| 020 | _a81 207 1942 5 | ||
| 082 | _a395 LULC | ||
| 100 | _aLULLA (Annu). | ||
| 245 | _aCorporate finesse the finishing touch. | ||
| 260 |
_aNew Delhi. _bSterling Publishers Pvt Ltd., _c1998 |
||
| 300 | _aix,193 | ||
| 650 | _aEtiquette Manners | ||
| 690 | _aEtiquette | ||
| 906 | _a053559 | ||
| 999 |
_c101620 _d101620 |
||